02503nam a2200337 a 4500003000500000005001700005007000300022008004100025020005900066040001700125041002300142082002600165100002900191245011800220264004600338300006700384336002700451337002700478338002800505500001800533500010400551505042200655520091001077534002301987650002302010650002102033650002502054650003702079700002402116700002502140CHAP20250203122202.0ta241206t2006 wauabd|fr|||| 001 0 eng d a978-1-55963-885-2q(libro de bolsillo, papel alcalino) aZcCHAPerda0 bInglésfInglés00a633.202bB88 20062201 aButterfield, Jodyeautor10aHolistic management handbook :bhealthy land, healthy profits / cJody Butterfield, Sam Bingham, and Allan Savory 1aWashington, D.C. :bIsland Press,c©2006 axxi, 248 páginas :bilustraciones, mapas, gráficas, tablas 2rdacontentatextobtxt 2rdamediaasin mediobn 2rdacarrieravolumenbnc aej.1: Consumo aEdición revisada de: Holistic resource management workbook / Sam Bingham with Allan Savory. 1990.0 aList of figures -- List of boxes -- Foreword -- Preface -- Acknowledgments -- Part I: Holistic management financial planning: making a healthy profit -- Part II: Holistic management grazing planning: Getting animals to the right reasons -- Part III: Holistic management biological nonitorin to make what you want happen -- Part IV: Holistic management land planning: designing the ideal layout of your infrastructure. aHolistic management, as described by Allan Savory in the books Holistic Resource Management (Island Press, 1988) and the revised edition, Holistic Management (Island Press, 2001), has been practiced by thousands of people around the world to profitably restore and promote the health of their land through practices that mimic nature, and by many others who have sought a more rewarding personal or family life. Holistic Management Handbook offers a detailed explanation of the planning procedures presented in those books and gives step-by-step guidance for implementing holistic management on a ranch or farm. Holistic Management Handbook are essential reading for anyone involved with land management and stewardship, and together represent an indispensable guide for individuals interested in making better decisions within their organizations or in any aspect of their personal or professional lives. pTítulo original:13aManejo de pastizal13aTierras de pasto13aEfectos del pastoreo13aRestauración de los pastizales1 aBingham, Sameautor1 aSavory, Allaneautor